| 000 | 00786cam a2200277 4500 | ||
|---|---|---|---|
| 001 | WS116341 | ||
| 008 | 020116n 000 0 eng u | ||
| 035 | _a(Sirsi) u116341 | ||
| 245 | _aAgrilaunch | ||
| 520 | _aWeb site which claims to be a 'rough guide to agriculture on the internet' with an international remit. Lists sites by subject and country. | ||
| 650 | _aAGRICULTURE | ||
| 650 | _aAGRONOMISTS | ||
| 650 | _aFARMING | ||
| 650 | _aARABLE | ||
| 650 | _aCATTLE | ||
| 650 | _aBEEF | ||
| 650 | _aHORTICULTURE | ||
| 650 | _aPIGS | ||
| 650 | _aPOULTRY | ||
| 650 | _aSHEEP | ||
| 650 | _aFARM MANAGEMENT | ||
| 650 | _aGOATS | ||
| 690 |
_aRural _96268 |
||
| 856 | 4 | 0 |
_uhttps://www.agrilaunch.com _zView the website free of charge at www.agrilaunch.com... |
| 942 | _n0 | ||
| 999 |
_c119972 _d119972 |
||